<?xml version="1.0" encoding="UTF-8"?>
<collection xmlns="http://www.loc.gov/MARC21/slim">
 <record>
  <leader>07584nas a22010451  4500</leader>
  <controlfield tag="001">1/50435</controlfield>
  <controlfield tag="008">040302c19879999nyuux1p       0   a0eng d</controlfield>
  <datafield tag="035" ind1=" " ind2=" ">
   <subfield code="l">30475</subfield>
  </datafield>
  <datafield tag="040" ind1=" " ind2=" ">
   <subfield code="a">DLC $bGR-PeUP</subfield>
  </datafield>
  <datafield tag="090" ind1=" " ind2=" ">
   <subfield code="a">Αλφαβητική σειρά</subfield>
  </datafield>
  <datafield tag="245" ind1="0" ind2="0">
   <subfield code="a">Africa Renewal</subfield>
  </datafield>
  <datafield tag="260" ind1=" " ind2=" ">
   <subfield code="a">New York, N.Y. :</subfield>
   <subfield code="b">United Nations,</subfield>
   <subfield code="c">1987-</subfield>
  </datafield>
  <datafield tag="300" ind1=" " ind2=" ">
   <subfield code="a">v. :</subfield>
   <subfield code="b">ill. ;</subfield>
   <subfield code="c">28 cm.</subfield>
  </datafield>
  <datafield tag="310" ind1=" " ind2=" ">
   <subfield code="a">Quarterly</subfield>
  </datafield>
  <datafield tag="362" ind1="0" ind2=" ">
   <subfield code="a">Vol.12, no.3(Dec. 1998)-vol.17, no.4(Oct. 2003)</subfield>
  </datafield>
  <datafield tag="362" ind1="0" ind2=" ">
   <subfield code="a">Vol.17, no.4(Jan. 2004)-</subfield>
  </datafield>
  <datafield tag="546" ind1=" " ind2=" ">
   <subfield code="a">English</subfield>
  </datafield>
  <datafield tag="651" ind1=" " ind2="0">
   <subfield code="a">Africa</subfield>
   <subfield code="x">Economic conditions</subfield>
   <subfield code="y">1960-</subfield>
   <subfield code="v">Periodicals.</subfield>
  </datafield>
  <datafield tag="651" ind1=" " ind2="0">
   <subfield code="a">Africa</subfield>
   <subfield code="x">Economic policy</subfield>
   <subfield code="v">Periodicals.</subfield>
  </datafield>
  <datafield tag="710" ind1="2" ind2=" ">
   <subfield code="a">United Nations.</subfield>
  </datafield>
  <datafield tag="780" ind1="1" ind2="0">
   <subfield code="t">Africa Recovery</subfield>
  </datafield>
  <datafield tag="852" ind1=" " ind2=" ">
   <subfield code="a">INST</subfield>
   <subfield code="b">UNIPILB</subfield>
   <subfield code="c">SERIALS</subfield>
   <subfield code="e">20051006</subfield>
   <subfield code="h">Αλφαβητική σειρά</subfield>
   <subfield code="p">47291</subfield>
   <subfield code="q">47291</subfield>
   <subfield code="t">NOLOAN</subfield>
   <subfield code="v">vol.18;no.2:(Μήνας)July;(Έτος)2004</subfield>
   <subfield code="y">23</subfield>
  </datafield>
  <datafield tag="852" ind1=" " ind2=" ">
   <subfield code="a">INST</subfield>
   <subfield code="b">UNIPILB</subfield>
   <subfield code="c">SERIALS</subfield>
   <subfield code="e">20051006</subfield>
   <subfield code="h">Αλφαβητική σειρά</subfield>
   <subfield code="p">47292</subfield>
   <subfield code="q">47292</subfield>
   <subfield code="t">NOLOAN</subfield>
   <subfield code="v">vol.18;no.3:(Μήνας)October;(Έτος)2004</subfield>
   <subfield code="y">23</subfield>
  </datafield>
  <datafield tag="852" ind1=" " ind2=" ">
   <subfield code="a">INST</subfield>
   <subfield code="b">UNIPILB</subfield>
   <subfield code="c">SERIALS</subfield>
   <subfield code="e">20051006</subfield>
   <subfield code="h">Αλφαβητική σειρά</subfield>
   <subfield code="p">47293</subfield>
   <subfield code="q">47293</subfield>
   <subfield code="t">NOLOAN</subfield>
   <subfield code="v">vol.18;no.4:(Μήνας)January;(Έτος)2005</subfield>
   <subfield code="y">23</subfield>
  </datafield>
  <datafield tag="852" ind1=" " ind2=" ">
   <subfield code="a">INST</subfield>
   <subfield code="b">UNIPILB</subfield>
   <subfield code="c">SERIALS</subfield>
   <subfield code="e">20051006</subfield>
   <subfield code="h">Αλφαβητική σειρά</subfield>
   <subfield code="p">47294</subfield>
   <subfield code="q">47294</subfield>
   <subfield code="t">NOLOAN</subfield>
   <subfield code="v">vol.19;no.1:(Μήνας)April;(Έτος)2005</subfield>
   <subfield code="y">23</subfield>
  </datafield>
  <datafield tag="852" ind1=" " ind2=" ">
   <subfield code="a">INST</subfield>
   <subfield code="b">UNIPILB</subfield>
   <subfield code="c">SERIALS</subfield>
   <subfield code="e">20051006</subfield>
   <subfield code="h">Αλφαβητική σειρά</subfield>
   <subfield code="p">47295</subfield>
   <subfield code="q">47295</subfield>
   <subfield code="t">NOLOAN</subfield>
   <subfield code="v">vol.19;no.2:(Μήνας)July;(Έτος)2005</subfield>
   <subfield code="y">23</subfield>
  </datafield>
  <datafield tag="852" ind1=" " ind2=" ">
   <subfield code="a">INST</subfield>
   <subfield code="b">UNIPILB</subfield>
   <subfield code="c">SERIALS</subfield>
   <subfield code="e">20060317</subfield>
   <subfield code="h">Αλφαβητική σειρά</subfield>
   <subfield code="p">50905</subfield>
   <subfield code="q">50905</subfield>
   <subfield code="t">NOLOAN</subfield>
   <subfield code="v">vol.19;no.4:(Μήνας)January;(Έτος)2006</subfield>
   <subfield code="y">23</subfield>
  </datafield>
  <datafield tag="852" ind1=" " ind2=" ">
   <subfield code="a">INST</subfield>
   <subfield code="b">UNIPILB</subfield>
   <subfield code="c">SERIALS</subfield>
   <subfield code="e">20060317</subfield>
   <subfield code="h">Αλφαβητική σειρά</subfield>
   <subfield code="p">50906</subfield>
   <subfield code="q">50906</subfield>
   <subfield code="t">NOLOAN</subfield>
   <subfield code="v">vol.19;no.3:(Μήνας)October;(Έτος)2005</subfield>
   <subfield code="y">23</subfield>
  </datafield>
  <datafield tag="852" ind1=" " ind2=" ">
   <subfield code="a">INST</subfield>
   <subfield code="b">UNIPILB</subfield>
   <subfield code="c">SERIALS</subfield>
   <subfield code="e">20060927</subfield>
   <subfield code="h">Αλφαβητική σειρά</subfield>
   <subfield code="p">52915</subfield>
   <subfield code="q">52915</subfield>
   <subfield code="t">NOLOAN</subfield>
   <subfield code="v">vol.20;no.2:(Μήνας)July;(Έτος)2006</subfield>
   <subfield code="y">23</subfield>
  </datafield>
  <datafield tag="852" ind1=" " ind2=" ">
   <subfield code="a">INST</subfield>
   <subfield code="b">UNIPILB</subfield>
   <subfield code="c">SERIALS</subfield>
   <subfield code="e">20060927</subfield>
   <subfield code="h">Αλφαβητική σειρά</subfield>
   <subfield code="p">52920</subfield>
   <subfield code="q">52920</subfield>
   <subfield code="t">NOLOAN</subfield>
   <subfield code="v">vol.20;no.1:(Μήνας)April;(Έτος)2006</subfield>
   <subfield code="y">23</subfield>
  </datafield>
  <datafield tag="852" ind1=" " ind2=" ">
   <subfield code="a">INST</subfield>
   <subfield code="b">UNIPILB</subfield>
   <subfield code="c">SERIALS</subfield>
   <subfield code="e">20070123</subfield>
   <subfield code="h">Αλφαβητική σειρά</subfield>
   <subfield code="p">54270</subfield>
   <subfield code="q">54270</subfield>
   <subfield code="t">NOLOAN</subfield>
   <subfield code="v">vol.20;no.3:(Μήνας)October;(Έτος)2006</subfield>
   <subfield code="y">23</subfield>
  </datafield>
  <datafield tag="852" ind1=" " ind2=" ">
   <subfield code="a">INST</subfield>
   <subfield code="b">UNIPILB</subfield>
   <subfield code="c">SERIALS</subfield>
   <subfield code="e">20070220</subfield>
   <subfield code="h">Αλφαβητική σειρά</subfield>
   <subfield code="p">54860</subfield>
   <subfield code="q">54860</subfield>
   <subfield code="t">NOLOAN</subfield>
   <subfield code="v">vol.20;no.4:(Μήνας)January;(Έτος)2007</subfield>
   <subfield code="y">23</subfield>
  </datafield>
  <datafield tag="852" ind1=" " ind2=" ">
   <subfield code="a">INST</subfield>
   <subfield code="b">UNIPILB</subfield>
   <subfield code="c">SERIALS</subfield>
   <subfield code="e">20071211</subfield>
   <subfield code="h">Αλφαβητική σειρά</subfield>
   <subfield code="p">58836</subfield>
   <subfield code="q">58836</subfield>
   <subfield code="t">NOLOAN</subfield>
   <subfield code="v">vol.21;no.3:(Μήνας)July;(Έτος)2007</subfield>
   <subfield code="y">23</subfield>
  </datafield>
  <datafield tag="852" ind1=" " ind2=" ">
   <subfield code="a">INST</subfield>
   <subfield code="b">UNIPILB</subfield>
   <subfield code="c">SERIALS</subfield>
   <subfield code="e">20080529</subfield>
   <subfield code="h">Αλφαβητική σειρά</subfield>
   <subfield code="p">60642</subfield>
   <subfield code="q">60642</subfield>
   <subfield code="t">NOLOAN</subfield>
   <subfield code="v">vol.22;no.1:(Μήνας)January;(Έτος)2008</subfield>
   <subfield code="y">23</subfield>
  </datafield>
  <datafield tag="852" ind1=" " ind2=" ">
   <subfield code="a">INST</subfield>
   <subfield code="b">UNIPILB</subfield>
   <subfield code="c">SERIALS</subfield>
   <subfield code="e">20080529</subfield>
   <subfield code="h">Αλφαβητική σειρά</subfield>
   <subfield code="p">60644</subfield>
   <subfield code="q">60644</subfield>
   <subfield code="t">NOLOAN</subfield>
   <subfield code="v">vol.22;no.2:(Μήνας)April;(Έτος)2008</subfield>
   <subfield code="y">23</subfield>
  </datafield>
  <datafield tag="852" ind1=" " ind2=" ">
   <subfield code="a">INST</subfield>
   <subfield code="b">UNIPILB</subfield>
   <subfield code="c">SERIALS</subfield>
   <subfield code="e">20090623</subfield>
   <subfield code="h">Αλφαβητική σειρά</subfield>
   <subfield code="p">64275</subfield>
   <subfield code="q">64275</subfield>
   <subfield code="t">NOLOAN</subfield>
   <subfield code="v">vol.23;no.1:(Μήνας)January;(Έτος)2009</subfield>
   <subfield code="y">23</subfield>
  </datafield>
  <datafield tag="852" ind1=" " ind2=" ">
   <subfield code="a">INST</subfield>
   <subfield code="b">UNIPILB</subfield>
   <subfield code="c">SERIALS</subfield>
   <subfield code="e">20090623</subfield>
   <subfield code="h">Αλφαβητική σειρά</subfield>
   <subfield code="p">64290</subfield>
   <subfield code="q">64290</subfield>
   <subfield code="t">NOLOAN</subfield>
   <subfield code="v">vol.22;no.4:(Μήνας)October;(Έτος)2008</subfield>
   <subfield code="y">23</subfield>
  </datafield>
  <datafield tag="852" ind1=" " ind2=" ">
   <subfield code="a">INST</subfield>
   <subfield code="b">UNIPILB</subfield>
   <subfield code="c">SERIALS</subfield>
   <subfield code="e">20090826</subfield>
   <subfield code="h">Αλφαβητική σειρά</subfield>
   <subfield code="p">64510</subfield>
   <subfield code="q">64510</subfield>
   <subfield code="t">NOLOAN</subfield>
   <subfield code="v">vol.23;no.3:(Μήνας)July;(Έτος)2009</subfield>
   <subfield code="y">23</subfield>
  </datafield>
  <datafield tag="852" ind1=" " ind2=" ">
   <subfield code="a">INST</subfield>
   <subfield code="b">UNIPILB</subfield>
   <subfield code="c">SERIALS</subfield>
   <subfield code="e">20091201</subfield>
   <subfield code="h">Αλφαβητική σειρά</subfield>
   <subfield code="p">65569</subfield>
   <subfield code="q">65569</subfield>
   <subfield code="t">NOLOAN</subfield>
   <subfield code="v">vol.23;no.3:(Μήνας)October;(Έτος)2009</subfield>
   <subfield code="y">23</subfield>
  </datafield>
  <datafield tag="852" ind1=" " ind2=" ">
   <subfield code="a">INST</subfield>
   <subfield code="b">UNIPILB</subfield>
   <subfield code="c">SERIALS</subfield>
   <subfield code="e">20150220</subfield>
   <subfield code="h">Αλφαβητική σειρά</subfield>
   <subfield code="p">85869</subfield>
   <subfield code="q">85869</subfield>
   <subfield code="t">NOLOAN</subfield>
   <subfield code="v">vol.28;no.3:(Μήνας)December;(Έτος)2014</subfield>
   <subfield code="y">23</subfield>
  </datafield>
  <datafield tag="852" ind1=" " ind2=" ">
   <subfield code="a">INST</subfield>
   <subfield code="b">UNIPILB</subfield>
   <subfield code="c">SERIALS</subfield>
   <subfield code="e">20150224</subfield>
   <subfield code="h">Αλφαβητική σειρά</subfield>
   <subfield code="p">85911</subfield>
   <subfield code="q">85911</subfield>
   <subfield code="t">NOLOAN</subfield>
   <subfield code="v">vol.28;no.1:(Μήνας)April;(Έτος)2014</subfield>
   <subfield code="y">23</subfield>
  </datafield>
  <datafield tag="852" ind1=" " ind2=" ">
   <subfield code="a">INST</subfield>
   <subfield code="b">UNIPILB</subfield>
   <subfield code="c">SERIALS</subfield>
   <subfield code="e">20150224</subfield>
   <subfield code="h">Αλφαβητική σειρά</subfield>
   <subfield code="p">85912</subfield>
   <subfield code="q">85912</subfield>
   <subfield code="t">NOLOAN</subfield>
   <subfield code="v">vol.28;no.2:(Μήνας)August;(Έτος)2014</subfield>
   <subfield code="y">23</subfield>
  </datafield>
  <datafield tag="852" ind1=" " ind2=" ">
   <subfield code="a">INST</subfield>
   <subfield code="b">UNIPILB</subfield>
   <subfield code="c">SERIALS</subfield>
   <subfield code="e">20150528</subfield>
   <subfield code="h">Αλφαβητική σειρά</subfield>
   <subfield code="p">86497</subfield>
   <subfield code="q">86497</subfield>
   <subfield code="t">NOLOAN</subfield>
   <subfield code="v">vol.29;no.1:(Μήνας)April;(Έτος)2015</subfield>
   <subfield code="y">23</subfield>
  </datafield>
  <datafield tag="852" ind1=" " ind2=" ">
   <subfield code="a">INST</subfield>
   <subfield code="b">UNIPILB</subfield>
   <subfield code="c">SERIALS</subfield>
   <subfield code="e">20150908</subfield>
   <subfield code="h">Αλφαβητική σειρά</subfield>
   <subfield code="p">86949</subfield>
   <subfield code="q">86949</subfield>
   <subfield code="t">NOLOAN</subfield>
   <subfield code="v">vol.29;no.2:(Μήνας)August;(Έτος)2015</subfield>
   <subfield code="y">23</subfield>
  </datafield>
  <datafield tag="852" ind1=" " ind2=" ">
   <subfield code="a">INST</subfield>
   <subfield code="b">UNIPILB</subfield>
   <subfield code="c">SERIALS</subfield>
   <subfield code="e">20160125</subfield>
   <subfield code="h">Αλφαβητική σειρά</subfield>
   <subfield code="p">87364</subfield>
   <subfield code="q">87364</subfield>
   <subfield code="t">NOLOAN</subfield>
   <subfield code="v">vol.29;no.3:(Μήνας)December;(Έτος)2015</subfield>
   <subfield code="y">23</subfield>
  </datafield>
  <datafield tag="856" ind1="4" ind2="1">
   <subfield code="u">http://www.africarecovery.org</subfield>
  </datafield>
  <datafield tag="900" ind1=" " ind2=" ">
   <subfield code="a">Vol. 30 no. 1 (January 2016)</subfield>
   <subfield code="b">Οφειλόμενο</subfield>
   <subfield code="c">13/06/2017</subfield>
  </datafield>
  <datafield tag="900" ind1=" " ind2=" ">
   <subfield code="a">Vol. 18 no. 1 (April 2004)</subfield>
   <subfield code="b">Οφειλόμενο</subfield>
   <subfield code="c">10/10/2005</subfield>
  </datafield>
  <datafield tag="900" ind1=" " ind2=" ">
   <subfield code="a">Vol. 21 no. 1 (January 2007)</subfield>
   <subfield code="b">Οφειλόμενο</subfield>
   <subfield code="c">23/10/2007</subfield>
  </datafield>
  <datafield tag="900" ind1=" " ind2=" ">
   <subfield code="a">Vol. 21 no. 2 (April 2007)</subfield>
   <subfield code="b">Οφειλόμενο</subfield>
   <subfield code="c">22/01/2008</subfield>
  </datafield>
  <datafield tag="900" ind1=" " ind2=" ">
   <subfield code="a">Vol. 21 no. 4 (October 2007)</subfield>
   <subfield code="b">Οφειλόμενο</subfield>
   <subfield code="c">22/07/2008</subfield>
  </datafield>
  <datafield tag="900" ind1=" " ind2=" ">
   <subfield code="a">Vol. 22 no. 3 (July 2008)</subfield>
   <subfield code="b">Οφειλόμενο</subfield>
   <subfield code="c">13/04/2009</subfield>
  </datafield>
  <datafield tag="900" ind1=" " ind2=" ">
   <subfield code="a">Vol. 23 no. 2 (April 2009)</subfield>
   <subfield code="b">Οφειλόμενο</subfield>
   <subfield code="c">07/01/2010</subfield>
  </datafield>
  <datafield tag="900" ind1=" " ind2=" ">
   <subfield code="a">Vol. 24 no. 1 (January 2010)</subfield>
   <subfield code="b">Οφειλόμενο</subfield>
   <subfield code="c">30/09/2010</subfield>
  </datafield>
  <datafield tag="900" ind1=" " ind2=" ">
   <subfield code="a">Vol. 24 no. 2 (April 2010)</subfield>
   <subfield code="b">Οφειλόμενο</subfield>
   <subfield code="c">13/06/2017</subfield>
  </datafield>
  <datafield tag="900" ind1=" " ind2=" ">
   <subfield code="a">Vol. 24 no. 3 (July 2010)</subfield>
   <subfield code="b">Οφειλόμενο</subfield>
   <subfield code="c">13/06/2017</subfield>
  </datafield>
  <datafield tag="900" ind1=" " ind2=" ">
   <subfield code="a">Vol. 24 no. 4 (October 2010)</subfield>
   <subfield code="b">Οφειλόμενο</subfield>
   <subfield code="c">13/06/2017</subfield>
  </datafield>
  <datafield tag="900" ind1=" " ind2=" ">
   <subfield code="a">Vol. 25 no. 1 (January 2011)</subfield>
   <subfield code="b">Οφειλόμενο</subfield>
   <subfield code="c">13/06/2017</subfield>
  </datafield>
  <datafield tag="900" ind1=" " ind2=" ">
   <subfield code="a">Vol. 25 no. 2 (April 2011)</subfield>
   <subfield code="b">Οφειλόμενο</subfield>
   <subfield code="c">13/06/2017</subfield>
  </datafield>
  <datafield tag="900" ind1=" " ind2=" ">
   <subfield code="a">Vol. 25 no. 3 (July 2011)</subfield>
   <subfield code="b">Οφειλόμενο</subfield>
   <subfield code="c">13/06/2017</subfield>
  </datafield>
  <datafield tag="900" ind1=" " ind2=" ">
   <subfield code="a">Vol. 25 no. 4 (October 2011)</subfield>
   <subfield code="b">Οφειλόμενο</subfield>
   <subfield code="c">13/06/2017</subfield>
  </datafield>
  <datafield tag="900" ind1=" " ind2=" ">
   <subfield code="a">Vol. 26 no. 1 (January 2012)</subfield>
   <subfield code="b">Οφειλόμενο</subfield>
   <subfield code="c">13/06/2017</subfield>
  </datafield>
  <datafield tag="900" ind1=" " ind2=" ">
   <subfield code="a">Vol. 26 no. 2 (April 2012)</subfield>
   <subfield code="b">Οφειλόμενο</subfield>
   <subfield code="c">13/06/2017</subfield>
  </datafield>
  <datafield tag="900" ind1=" " ind2=" ">
   <subfield code="a">Vol. 26 no. 3 (July 2012)</subfield>
   <subfield code="b">Οφειλόμενο</subfield>
   <subfield code="c">13/06/2017</subfield>
  </datafield>
  <datafield tag="900" ind1=" " ind2=" ">
   <subfield code="a">Vol. 26 no. 4 (October 2012)</subfield>
   <subfield code="b">Οφειλόμενο</subfield>
   <subfield code="c">13/06/2017</subfield>
  </datafield>
  <datafield tag="900" ind1=" " ind2=" ">
   <subfield code="a">Vol. 27 no. 1 (January 2013)</subfield>
   <subfield code="b">Οφειλόμενο</subfield>
   <subfield code="c">13/06/2017</subfield>
  </datafield>
  <datafield tag="900" ind1=" " ind2=" ">
   <subfield code="a">Vol. 27 no. 2 (April 2013)</subfield>
   <subfield code="b">Οφειλόμενο</subfield>
   <subfield code="c">13/06/2017</subfield>
  </datafield>
  <datafield tag="900" ind1=" " ind2=" ">
   <subfield code="a">Vol. 27 no. 3 (July 2013)</subfield>
   <subfield code="b">Οφειλόμενο</subfield>
   <subfield code="c">13/06/2017</subfield>
  </datafield>
  <datafield tag="900" ind1=" " ind2=" ">
   <subfield code="a">Vol. 27 no. 4 (October 2013)</subfield>
   <subfield code="b">Οφειλόμενο</subfield>
   <subfield code="c">13/06/2017</subfield>
  </datafield>
  <datafield tag="900" ind1=" " ind2=" ">
   <subfield code="a">Vol. 28 no. 1 (January 2014)</subfield>
   <subfield code="b">Οφειλόμενο</subfield>
   <subfield code="c">13/06/2017</subfield>
  </datafield>
  <datafield tag="900" ind1=" " ind2=" ">
   <subfield code="a">Vol. 29 no. 4 (October 2015)</subfield>
   <subfield code="b">Οφειλόμενο</subfield>
   <subfield code="c">13/06/2017</subfield>
  </datafield>
  <datafield tag="950" ind1=" " ind2=" ">
   <subfield code="a">01/04/2004</subfield>
   <subfield code="c">ΔΩΡΕΑ ΠΕΡΙΟΔΙΚΩΝ</subfield>
   <subfield code="d">596</subfield>
  </datafield>
  <datafield tag="951" ind1=" " ind2=" ">
   <subfield code="a">Vol.32 No.1 (April 2018-June 2018)</subfield>
   <subfield code="b">Main run</subfield>
  </datafield>
  <datafield tag="951" ind1=" " ind2=" ">
   <subfield code="a">Vol. 18 no. 2 (July 2004) - Vol. 18 no. 4 (January 2005)</subfield>
   <subfield code="b">Main run</subfield>
  </datafield>
  <datafield tag="951" ind1=" " ind2=" ">
   <subfield code="a">Vol. 19 no. 1 (April 2005) - Vol. 19 no. 4 (January 2006)</subfield>
   <subfield code="b">Main run</subfield>
  </datafield>
  <datafield tag="951" ind1=" " ind2=" ">
   <subfield code="a">Vol. 20 no. 1 (April 2006) - Vol. 20 no. 3 (October 2006)</subfield>
   <subfield code="b">Main run</subfield>
  </datafield>
  <datafield tag="951" ind1=" " ind2=" ">
   <subfield code="a">Vol. 20 no.4 (January 2007)</subfield>
   <subfield code="b">Main run</subfield>
  </datafield>
  <datafield tag="951" ind1=" " ind2=" ">
   <subfield code="a">Vol. 21 no. 3 (July 2007)</subfield>
   <subfield code="b">Main run</subfield>
  </datafield>
  <datafield tag="951" ind1=" " ind2=" ">
   <subfield code="a">Vol. 22 no. 1 (January 2008) - Vol. 22 no. 2 (April 2008)</subfield>
   <subfield code="b">Main run</subfield>
  </datafield>
  <datafield tag="951" ind1=" " ind2=" ">
   <subfield code="a">Vol. 22 no. 4  ((January 2009))</subfield>
   <subfield code="b">Main run</subfield>
  </datafield>
  <datafield tag="951" ind1=" " ind2=" ">
   <subfield code="a">Vol. 23 no. 1  (April 2009)</subfield>
   <subfield code="b">Main run</subfield>
  </datafield>
  <datafield tag="951" ind1=" " ind2=" ">
   <subfield code="a">Vol. 23 no. 2 (July 2009) - Vol. 23 no. 3 (October 2009)</subfield>
   <subfield code="b">Main run</subfield>
  </datafield>
  <datafield tag="951" ind1=" " ind2=" ">
   <subfield code="a">Vol. 28 no. 1 (April 2014)</subfield>
   <subfield code="b">Main run</subfield>
  </datafield>
  <datafield tag="951" ind1=" " ind2=" ">
   <subfield code="a">Vol. 28 no. 2  (August 2014)</subfield>
   <subfield code="b">Main run</subfield>
  </datafield>
  <datafield tag="951" ind1=" " ind2=" ">
   <subfield code="a">Vol. 28 no. 3  (December 2014)</subfield>
   <subfield code="b">Main run</subfield>
  </datafield>
  <datafield tag="951" ind1=" " ind2=" ">
   <subfield code="a">Vol. 29 no. 1  (April 2015)</subfield>
   <subfield code="b">Main run</subfield>
  </datafield>
  <datafield tag="951" ind1=" " ind2=" ">
   <subfield code="a">Vol. 29 no. 2  (August 2015)</subfield>
   <subfield code="b">Main run</subfield>
  </datafield>
  <datafield tag="951" ind1=" " ind2=" ">
   <subfield code="a">Vol. 29 no. 3  (December 2015)</subfield>
   <subfield code="b">Main run</subfield>
  </datafield>
  <datafield tag="951" ind1=" " ind2=" ">
   <subfield code="a">Vol.30 no.3 (December 2016 - March 2017)</subfield>
   <subfield code="b">Main run</subfield>
  </datafield>
  <datafield tag="951" ind1=" " ind2=" ">
   <subfield code="a">Special Edition 2017</subfield>
   <subfield code="b">Main run</subfield>
  </datafield>
 </record>
</collection>
